000 01383nam a2200337 a 4500
001 000003183
003 DO-SdBNP
005 20170925104157.0
007 000003183
008 090707s1999 dr 000 0 spa d
020 _a9993425036
040 _aBPMSU
_bspa
_cBPMSU
082 4 _a460.7293
_bM433c
100 1 _aMatos Moquete, Manuel,
_d1944-
245 1 3 _aLa cultura de la lengua /
_cManuel Matos Moquete.
260 _aSanto Domingo :
_bINTEC,
_c1999.
300 _a338 p. ;
_c21 cm.
500 _a"La crítica que realizó José Martí y que él mismo llamo más de una vez, y desde muy temprano, ejercicio del criterio - fue, como toda crítica verdadera, manifestación de un pensamiento / Roberto Fernández Retamar".- En portada
600 1 4 _aMIR, PEDRO,
_d1924-2000
_xCRÍTICA E INTERPRETACIÓN
600 1 4 _aHENRÍQUEZ UREÑA, PEDRO,
_d1884-1946
_xCRÍTICA E INTERPRETACIÓN
600 1 4 _aPANÉ, RAMÓN,
_dd. 1571
_xCRÍTICA E INTERPRETACIÓN
650 4 _aLENGUAJE Y CULTURA
650 4 _aLENGUAJE Y LENGUAS
_xHISTORIA Y CRÍTICA
650 4 _aESPAÑOL
_xENSEÑANZA
_zREPÚBLICA DOMINICANA
650 4 _aLITERATURA DOMINICANA
_xHISTORIA Y CRÍTICA
710 2 _aInstituto Tecnólogico de Santo Domingo
910 _aValidado. Control de calidad BNPHU
942 _2ddc
_cBK
945 _aInventariado / 2017 VM
956 _aVMATEO
_b10
_c20150806
_lBPMSU
_h00151
999 _c8100
_d8100